[Event "Titled Tuesday intern op 13th Dec Early"]
[Site "Chess.com INT"]
[Date "2022.12.13"]
[Round "4"]
[White "Cruz, William Ferreira Da"]
[Black "Albertini, Luca"]
[Result "1-0"]
[WhiteElo "2224"]
[BlackElo "2079"]
[PlyCount "91"]
[EventDate "2022.12.13"]
[EventType "swiss (blitz)"]
[EventRounds "11"]
[EventCountry "USA"]
[SourceTitle "EXT 2024"]
[Source "ChessBase"]
[SourceDate "2023.10.10"]
[SourceVersion "1"]
[SourceVersionDate "2023.10.10"]
[SourceQuality "1"]

1. d4 d5 2. c4 e6 3. Nc3 Nf6 4. cxd5 exd5 5. Bg5 Bb4 6. e3 0-0 7. Bd3 h6 8. Bxf6 Qxf6 9. a3 Bxc3+ 10. bxc3 c5 11. Nf3 Bg4 12. Be2 Nc6 13. 0-0 Rfd8 14. h3 Bxf3 15. Bxf3 c4 16. e4 Ne7 17. e5 Qa6 18. g3 Qa5 19. Qd2 b5 20. Bg2 Rab8 21. f4 Qb6 22. f5 f6 23. Rae1 Rf8 24. g4 a5 25. exf6 Qxf6 26. Re6 Qf7 27. Rfe1 Rb7 28. Qe3 Re8 29. Bxd5 Nxd5 30. Rxe8+ Kh7 31. Qf3 b4 32. axb4 axb4 33. cxb4 c3 34. f6 Nxf6 35. Qd3+ g6 36. Rc8 Nd5 37. Rf1 Nf4 38. Qf3 g5 39. Qe4+ Kg7 40. Qe5+ Qf6 41. Rg8+ Kxg8 42. Qxf6 c2 43. Qd8+ Kf7 44. Qc8 Rb5 45. Qc4+ Rd5 46. Qxd5+ 1-0

[Event "Titled Tuesday intern op 13th Dec Early"]
[Site "Chess.com INT"]
[Date "2022.12.13"]
[Round "7"]
[White "Diaz Rosas, Julio Cesar"]
[Black "Albertini, Luca"]
[Result "0-1"]
[WhiteElo "2324"]
[BlackElo "2079"]
[PlyCount "64"]
[EventDate "2022.12.13"]
[EventType "swiss (blitz)"]
[EventRounds "11"]
[EventCountry "USA"]
[SourceTitle "EXT 2024"]
[Source "ChessBase"]
[SourceDate "2023.10.10"]
[SourceVersion "1"]
[SourceVersionDate "2023.10.10"]
[SourceQuality "1"]

1. d4 d5 2. c4 e6 3. Nf3 Nf6 4. Qc2 Bb4+ 5. Bd2 a5 6. g3 0-0 7. Bg2 c6 8. 0-0 b6 9. Bf4 Bd6 10. Bxd6 Qxd6 11. Rd1 Ba6 12. b3 Nbd7 13. Nc3 dxc4 14. e4 cxb3 15. axb3 Qe7 16. e5 Nd5 17. Ne4 Rac8 18. h4 c5 19. Nd6 Rc6 20. Ng5 g6 21. Re1 Nb4 22. Qd2 Rc7 23. Nge4 cxd4 24. Qxd4 Nc2 25. Qb2 Nxa1 26. Qxa1 Bd3 27. Ng5 Rc5 28. Qd4 Bc2 29. Qf4 Nxe5 30. Rxe5 Qxd6 31. Nxh7 Qxe5 32. Nf6+ Kg7 0-1

[Event "Titled Tuesday intern op 06th Dec Early"]
[Site "Chess.com INT"]
[Date "2022.12.06"]
[Round "4"]
[White "Albertini, Luca"]
[Black "Estrada Nieto, Julian"]
[Result "1/2-1/2"]
[WhiteElo "2079"]
[BlackElo "2231"]
[PlyCount "112"]
[EventDate "2022.12.06"]
[EventType "swiss (blitz)"]
[EventRounds "11"]
[EventCountry "USA"]
[SourceTitle "CBM 211 Extra"]
[Source "ChessBase"]
[SourceDate "2023.01.31"]
[SourceVersion "1"]
[SourceVersionDate "2023.01.31"]
[SourceQuality "1"]

1. e4 e5 2. Nf3 Nc6 3. Bc4 Bc5 4. b4 Bb6 5. c3 Nf6 6. d3 d6 7. 0-0 a6 8. Be3 0-0 9. Bxb6 cxb6 10. Nbd2 b5 11. Bb3 Ne7 12. d4 Ng6 13. Re1 Qe7 14. Nf1 Be6 15. Ng3 Qc7 16. Rc1 Rfe8 17. Bxe6 fxe6 18. Qb3 h6 19. dxe5 dxe5 20. c4 Rac8 21. c5 Kh7 22. Red1 Qc6 23. Qe3 Rcd8 24. h3 Rd7 25. Rxd7 Qxd7 26. Rc2 Qd1+ 27. Ne1 Nf4 28. Rd2 Qc1 29. Rd6 Qb2 30. Qd2 Qxd2 31. Rxd2 h5 32. f3 h4 33. Nf1 a5 34. a3 axb4 35. axb4 Ra8 36. Ne3 Ra1 37. Kf2 Rb1 38. N1c2 Rb2 39. Nd1 Rb1 40. Nc3 Rb3 41. Ne2 Nd3+ 42. Kg1 Nxb4 43. Nxb4 Rxb4 44. Rd6 Rb2 45. Kf1 b4 46. Rxe6 b3 47. Rb6 Nh5 48. Rxb7 Ng3+ 49. Nxg3 hxg3 50. c6 Rc2 51. Rxb3 Rxc6 52. Rb5 Rc1+ 53. Ke2 Rc2+ 54. Kf1 Rc1+ 55. Ke2 Rc2+ 56. Kf1 Rc1+ 1/2-1/2